000 00644nam a22001937a 4500
005 20251108173242.0
008 250721s2006 xx 000 0 ara d
082 1 4 _a211.2/مرو
100 1 _aمروح، محمود أحمد
245 1 0 _aمنهاج التلاوة و الحفظ وفقا لرواية حفص عن عاصم من طريق الشاطبية /
264 1 _aعمان :
_bدار الفرقان للنشر والتوزيع،
_c2006.
300 _a145ص.
650 1 7 _aقراءةالقران
650 1 7 _aالتجويد
650 1 7 _aاحكام التجويد
650 1 7 _aالقران
942 _2ddc
_cBK
999 _c99588
_d99588